000 00490ntaaa2200181 4500
003 01
005 20251027201933.0
008 0714s1973 ag 01
040 _aAR-BaBN
_bspa
_cAR-BaBN
_eaacr
_dRIC
082 _a245.0000 B43
100 _aBenson, Louis F.
_917951
245 _aEnglish Hymn; its development and use in worship.
250 _a1 ed. :
_bJohn Knox Press,
_cc/951, 1962
300 _a624 p.
650 _aHimnologĂ­a
_9168
650 _aHimnos-Inglaterra
_917952
942 _cBK
999 _c14104
_d14104